000 01190cam a2200301 a 4500
001 1493171
003 NUST-PNEC
005 20170116181014.0
008 880610s1988 waua 001 0 eng
010 _a 88021104
020 _a1556151314
040 _cLIBRARY
050 0 0 _aQA76.8.I1015
_bN67 1988
082 0 0 _a005.265 NOR
100 1 _aNorton, Peter,
_d1943-
245 1 4 _aThe new Peter Norton programmer's guide to the IBM PC & PS/2 /
_cPeter Norton, Richard Wilton.
260 _aRedmond, Wash. :
_bMicrosoft Press,
_cc.1985
300 _axi, 511 p. :
_bill. ;
_c24 cm.
500 _aIncludes index.
500 _aRev. ed. of: The Peter Norton programmer's guide to the IBM PC. 1985.
650 0 _aIBM microcomputers
_xMIS, Computer
650 0 _aIBM Personal Computer.
650 0 _aIBM Personal System/2 (Computer system)
856 _uhttp://www.amazon.com/Peter-Norton-Programmers-Personal-Computer/dp/1556151314/ref=sr_1_1?s=books&ie=UTF8&qid=1418511216&sr=1-1&keywords=1556151314
906 _a7
_bcbc
_corignew
_d1
_eocip
_f19
_gy-gencatlg
942 _2ddc
_cBK
999 _c67228
_d67228